000 00656nam a2200277Ia 4500
005 20260324144703.0
008 008 260324s9999 xx 000 0 eng d
020 _a9781003636151
037 _aEBOOK
040 _aCRL
040 _beng
040 _cCRL
041 _2eng
041 _aeng
084 _qCRL
100 _aGeorge Moyser; Margaret Wagstaffe
_91220239
245 0 _aResearch Methods for Elite Studies
260 _bTaylor and Francis
260 _c1987
365 _a
365 _b145
856 _uhttp://www.taylorfrancis.com/books/9781003636151
942 _cEBOOK
999 _c1827160
_d1827160